[Event "Gatineau Judith Polgar"]
[Site "Gatineau"]
[Date "2015.01.13"]
[Round "1"]
[White "Lemieux, Denis"]
[Black "Legare, Gilles"]
[Result "1-0"]
[WhiteElo "1460"]
[BlackElo "1081"]
[PlyCount "77"]
[EventDate "2015.01.13"]
[EventType "swiss"]
[EventRounds "5"]
[EventCountry "CAN"]
[SourceTitle "EXT 2022"]
[Source "ChessBase"]
[SourceDate "2021.10.06"]
[SourceVersion "1"]
[SourceVersionDate "2021.10.06"]
[SourceQuality "1"]

1. d4 g6 2. c4 d6 3. Nc3 Bg7 4. e4 Bh6 5. Bxh6 Nxh6 6. Qd2 Ng4 7. h3 Nf6 8. Bd3 e5 9. d5 Na6 10. Nf3 Nh5 11. g3 Bd7 12. a3 Nc5 13. Bc2 Qe7 14. b4 Na6 15. Bd1 0-0-0 16. Qe3 Kb8 17. Be2 Ka8 18. Nb5 Bxb5 19. cxb5 Nb8 20. Rc1 Rc8 21. 0-0 Qd7 22. Kg2 h6 23. Nd2 Qe7 24. Rc3 Nd7 25. Bg4 Nhf6 26. Be2 h5 27. Rfc1 Nb6 28. Bd1 Rhg8 29. a4 g5 30. a5 Nbxd5 31. exd5 Nxd5 32. Qe4 Nxc3 33. Rxc3 g4 34. hxg4 h4 35. Bf3 c6 36. bxc6 Rxc6 37. Rxc6 bxc6 38. Qxc6+ Qb7 39. Qxb7# 1-0

[Event "Outaouais-ch reserve"]
[Site "Gatineau"]
[Date "2014.04.22"]
[Round "2"]
[White "Lemieux, Denis"]
[Black "Traversy, Pierre"]
[Result "1-0"]
[WhiteElo "1487"]
[BlackElo "1175"]
[PlyCount "93"]
[EventDate "2014.04.14"]
[EventType "swiss"]
[EventRounds "6"]
[EventCountry "CAN"]
[SourceTitle "EXT 2022"]
[Source "ChessBase"]
[SourceDate "2021.10.06"]
[SourceVersion "1"]
[SourceVersionDate "2021.10.06"]
[SourceQuality "1"]

1. d4 d5 2. c4 Nf6 3. Nc3 e6 4. Nf3 Nc6 5. Bf4 a6 6. h3 Bd7 7. e3 g6 8. Bg5 Bg7 9. cxd5 Ne7 10. dxe6 Bxe6 11. Be2 c6 12. Nd2 b5 13. Bf3 Nfd5 14. Nce4 f6 15. Bh4 Nf5 16. Bg3 Nxg3 17. Nxg3 0-0 18. Nge4 Qe7 19. Nc5 Bc8 20. Qb3 Kh8 21. Bxd5 cxd5 22. Qxd5 Ra7 23. 0-0 Re8 24. Rfc1 Be6 25. Nxe6 Rd7 26. Qb3 h6 27. Nxg7 Kxg7 28. Rc5 h5 29. Rac1 Red8 30. Rc6 Ra8 31. R1c5 Raa7 32. Qc3 h4 33. Qa5 Rxd4 34. exd4 Qe1+ 35. Kh2 Qxf2 36. Qc3 Re7 37. Rc7 Qf4+ 38. Kg1 Rxc7 39. Rxc7+ Kh6 40. Nf3 Qd6 41. Nxh4 Qd5 42. b3 Qe4 43. Nf3 g5 44. Rc6 Qb1+ 45. Qc1 Qg6 46. h4 Kh5 47. hxg5 1-0

[Event "Gatineau Commanditaires"]
[Site "Gatineau"]
[Date "2014.03.11"]
[Round "3"]
[White "Lemieux, Denis"]
[Black "Arsenault, Yves"]
[Result "1/2-1/2"]
[WhiteElo "1570"]
[BlackElo "1541"]
[PlyCount "56"]
[EventDate "2014.02.25"]
[EventType "swiss"]
[EventRounds "4"]
[EventCountry "CAN"]
[SourceTitle "EXT 2022"]
[Source "ChessBase"]
[SourceDate "2021.10.06"]
[SourceVersion "1"]
[SourceVersionDate "2021.10.06"]
[SourceQuality "1"]

1. d4 Nf6 2. c4 e6 3. Nc3 d5 4. Bg5 Be7 5. e3 0-0 6. Nf3 Nc6 7. Be2 b6 8. 0-0 Re8 9. h3 Bb7 10. Bf4 a6 11. a3 h6 12. Rc1 Bd6 13. Bxd6 Qxd6 14. Qc2 e5 15. dxe5 Nxe5 16. Nxe5 Rxe5 17. cxd5 Nxd5 18. Nxd5 Bxd5 19. Qxc7 Qf6 20. g3 Re7 21. Qc3 Qe6 22. Bc4 Bxc4 23. Qxc4 Qxh3 24. Qd5 Rae8 25. Rc4 Re5 26. Qg2 Qe6 27. Qc6 Qh3 28. Rh4 Qe6 1/2-1/2

[Event "Gatineau op U1800"]
[Site "Gatineau"]
[Date "2014.03.??"]
[Round "4"]
[White "Lemieux, Denis"]
[Black "Rapaka, Srikanth"]
[Result "0-1"]
[WhiteElo "1708"]
[BlackElo "1577"]
[PlyCount "114"]
[EventDate "2014.02.??"]
[EventType "swiss"]
[EventRounds "5"]
[EventCountry "CAN"]
[SourceTitle "EXT 2022"]
[Source "ChessBase"]
[SourceDate "2021.10.06"]
[SourceVersion "1"]
[SourceVersionDate "2021.10.06"]
[SourceQuality "1"]

1. d4 d5 2. c4 e6 3. Nc3 Nf6 4. Nf3 Bb4 5. a3 Bxc3+ 6. bxc3 dxc4 7. Qa4+ Bd7 8. Qxc4 b5 9. Qb3 Nc6 10. e3 Na5 11. Qb4 c6 12. Bd3 Nd5 13. Qb2 Rb8 14. 0-0 Nb6 15. Nd2 0-0 16. Qc2 h6 17. c4 Naxc4 18. Nxc4 Nxc4 19. Bxc4 bxc4 20. Qxc4 Rb6 21. Bd2 Qc8 22. Rfb1 Re8 23. Rb4 Ra6 24. Qc5 Qc7 25. a4 Ra5 26. Qc3 Rh5 27. g3 Qd6 28. e4 e5 29. dxe5 Qxe5 30. Qxe5 Rhxe5 31. f3 Bc8 32. Bf4 Rc5 33. Rd1 Ba6 34. Rb8 Rxb8 35. Bxb8 Be2 36. Rd8+ Kh7 37. Bxa7 Ra5 38. Kf2 Rxa7 39. Kxe2 Rxa4 40. h4 Ra2+ 41. Rd2 Rxd2+ 42. Kxd2 Kg6 43. Kd3 Kf6 44. Kd4 Ke6 45. Kc5 Kd7 46. g4 f6 47. h5 Kc7 48. f4 Kd7 49. f5 Kc7 50. Kc4 Kd6 51. Kd4 c5+ 52. Kc4 Ke5 53. Kxc5 Kxe4 54. Kd6 Kf4 55. Ke7 Kxg4 56. Kf7 Kxh5 57. Kxg7 Kg5 0-1

[Event "Gatineau Benevoles"]
[Site "Gatineau"]
[Date "2013.12.17"]
[Round "2"]
[White "Simard, Paul"]
[Black "Lemieux, Denis"]
[Result "0-1"]
[WhiteElo "1199"]
[BlackElo "1666"]
[PlyCount "62"]
[EventDate "2013.12.10"]
[EventType "swiss"]
[EventRounds "4"]
[EventCountry "CAN"]
[SourceTitle "EXT 2022"]
[Source "ChessBase"]
[SourceDate "2021.10.06"]
[SourceVersion "1"]
[SourceVersionDate "2021.10.06"]
[SourceQuality "1"]

1. e4 c6 2. Nf3 d5 3. exd5 cxd5 4. d4 Bf5 5. Nc3 Nc6 6. a3 e6 7. Bb5 a6 8. Ba4 b5 9. Bb3 Na5 10. Ba2 Nf6 11. 0-0 h6 12. Ne5 Rc8 13. Bd2 Nc6 14. Bf4 b4 15. Na4 bxa3 16. bxa3 Nxe5 17. dxe5 Bxc2 18. Qd4 Nd7 19. Bb1 Rc4 20. Qd2 Bxa4 21. Bd3 Rc6 22. Rfb1 Be7 23. g3 g5 24. Be3 Nxe5 25. Qe2 Nxd3 26. Bd4 Bf6 27. Bxf6 Qxf6 28. Rb8+ Kd7 29. Rb7+ Kd6 30. Rab1 Nc5 31. R7b6 Rhc8 0-1

[Event "Gatineau Loisirs"]
[Site "Gatineau"]
[Date "2013.10.22"]
[Round "2"]
[White "Lemieux, Denis"]
[Black "Sabourin, Yves"]
[Result "1-0"]
[WhiteElo "1595"]
[BlackElo "1491"]
[PlyCount "79"]
[EventDate "2013.10.15"]
[EventType "swiss"]
[EventRounds "4"]
[EventCountry "CAN"]
[SourceTitle "EXT 2022"]
[Source "ChessBase"]
[SourceDate "2021.10.06"]
[SourceVersion "1"]
[SourceVersionDate "2021.10.06"]
[SourceQuality "1"]

1. d4 d5 2. c4 e6 3. Nc3 Nf6 4. Bg5 Be7 5. Nf3 0-0 6. e3 b6 7. Bd3 Nbd7 8. Qc2 Bb7 9. Rc1 c5 10. dxc5 Nxc5 11. Be2 Nce4 12. Nxe4 Nxe4 13. Bxe7 Qxe7 14. 0-0 Rac8 15. Qa4 Ba8 16. cxd5 Bxd5 17. a3 Ng5 18. Nd4 Qb7 19. f3 e5 20. Nf5 Bc6 21. Rxc6 Rxc6 22. Qxc6 Qxc6 23. Ne7+ Kh8 24. Nxc6 a5 25. Nxe5 f6 26. Nd7 Rc8 27. Nxb6 Rc2 28. Rd1 g6 29. Rd8+ Kg7 30. Bb5 Rxb2 31. a4 Ne6 32. Rd7+ Kg8 33. Nc4 Rb4 34. Nxa5 Nc5 35. Rd4 Rxd4 36. exd4 Ne6 37. d5 Nc7 38. d6 Ne6 39. Bc4 Kf7 40. Nc6 1-0

[Event "Outaouais-ch Reserve"]
[Site "Gatineau"]
[Date "2013.05.18"]
[Round "6"]
[White "Latreille, Etienne"]
[Black "Lemieux, Denis"]
[Result "0-1"]
[WhiteElo "1365"]
[BlackElo "1624"]
[PlyCount "93"]
[EventDate "2013.04.16"]
[EventType "swiss"]
[EventRounds "6"]
[EventCountry "CAN"]
[SourceTitle "EXT 2022"]
[Source "ChessBase"]
[SourceDate "2021.10.06"]
[SourceVersion "1"]
[SourceVersionDate "2021.10.06"]
[SourceQuality "1"]

1. e4 c6 2. d4 d5 3. Nc3 dxe4 4. Nxe4 Bf5 5. Nc3 e6 6. Nf3 h6 7. h3 Nf6 8. Bd3 Bxd3 9. Qxd3 Bd6 10. Be3 Nbd7 11. 0-0-0 b5 12. Ne4 Nxe4 13. Qxe4 Qc7 14. d5 Nf6 15. Qd3 Nxd5 16. g3 0-0 17. a3 a5 18. c4 bxc4 19. Qxc4 Nxe3 20. fxe3 Bxg3 21. Qg4 f5 22. Qc4 Rfe8 23. Nd4 Qf7 24. Kb1 Be5 25. Nxc6 Bf6 26. Rd2 Rac8 27. Rc2 Qb7 28. Rhc1 Ra8 29. Re1 Kh8 30. e4 f4 31. e5 Bh4 32. Rf1 Bg3 33. Nd4 Rac8 34. Qd3 Rxc2 35. Qxc2 Qd5 36. Ne2 Qxe5 37. Nxg3 fxg3 38. Rg1 Rb8 39. Rg2 Rf8 40. Re2 Qf5 41. Qxf5 exf5 42. Rg2 f4 43. Kc1 f3 44. Rxg3 f2 45. Kd2 f1Q 46. Re3 Qf4 47. Ke2 0-1

[Event "Gatineau Commanditaires"]
[Site "Gatineau"]
[Date "2013.02.26"]
[Round "1"]
[White "Traversy, Pierre"]
[Black "Lemieux, Denis"]
[Result "0-1"]
[WhiteElo "1129"]
[BlackElo "1598"]
[PlyCount "186"]
[EventDate "2013.02.26"]
[EventType "swiss"]
[EventRounds "4"]
[EventCountry "CAN"]
[SourceTitle "EXT 2022"]
[Source "ChessBase"]
[SourceDate "2021.10.06"]
[SourceVersion "1"]
[SourceVersionDate "2021.10.06"]
[SourceQuality "1"]

1. d4 d5 2. Nf3 Nf6 3. Nc3 Bf5 4. Bf4 c6 5. e3 e6 6. a3 Nbd7 7. Ne5 h6 8. Be2 a6 9. Nxd7 Qxd7 10. h3 Rc8 11. Qd2 c5 12. Be5 Be7 13. Bf3 b5 14. b3 b4 15. Ne2 Qb5 16. a4 Qb6 17. Rc1 c4 18. Ng3 Bh7 19. Nh5 Nxh5 20. Bxh5 0-0 21. 0-0 f6 22. Bg3 a5 23. f4 Bd6 24. Bg4 f5 25. Bf3 c3 26. Qf2 Qb8 27. h4 Bg6 28. h5 Bf7 29. Be2 Qc7 30. Bh2 g5 31. hxg6 Bxg6 32. Qg3 Kh7 33. Kf2 Be7 34. Kg1 Rg8 35. Qe1 Qd8 36. g3 h5 37. Qd1 Qe8 38. Qe1 Qf7 39. Rf2 h4 40. Rg2 hxg3 41. Bxg3 Rh8 42. Rh2+ Kg7 43. Qf2 Rxh2 44. Qxh2 Rh8 45. Qg2 Kf8 46. Kf2 Qh7 47. Rg1 Kf7 48. Bf3 Bf6 49. Rh1 Qg7 50. Rd1 Ke7 51. Qf1 Qf8 52. Qg2 Bf7 53. Rh1 Rg8 54. Qf1 Qg7 55. Rg1 Qf8 56. Qa6 Qd8 57. Qb7+ Qd7 58. Qxd7+ Kxd7 59. Rh1 Rh8 60. Rxh8 Bxh8 61. Bh4 Bg7 62. Ke1 Kc6 63. Be7 Kd7 64. Bg5 Bf8 65. Kf2 Kc6 66. Bf6 Bd6 67. Bg5 Bc7 68. Bf6 Kd7 69. Kg3 Bd8 70. Be5 Ke7 71. Kf2 Be8 72. Be2 Bxa4 73. Bd1 Bb5 74. Be2 Bc6 75. Ke1 Kd7 76. Kd1 Bh4 77. Bd3 Kc8 78. Bd6 Kb7 79. Be5 Bd8 80. Bd6 Kc8 81. Be5 Bc7 82. Kc1 Bxe5 83. fxe5 Kb7 84. Be2 Kb6 85. Bd3 Bb5 86. Kb1 Bxd3 87. cxd3 Kb5 88. Ka2 a4 89. e4 dxe4 90. dxe4 fxe4 91. d5 axb3+ 92. Kxb3 exd5 93. e6 Kc6 0-1

[Event "Gatineau Quebec Elite qual"]
[Site "Gatineau"]
[Date "2013.01.15"]
[Round "1"]
[White "Traversy, Pierre"]
[Black "Lemieux, Denis"]
[Result "0-1"]
[WhiteElo "1129"]
[BlackElo "1522"]
[PlyCount "128"]
[EventDate "2013.01.15"]
[EventType "swiss"]
[EventRounds "5"]
[EventCountry "CAN"]
[SourceTitle "EXT 2022"]
[Source "ChessBase"]
[SourceDate "2021.10.06"]
[SourceVersion "1"]
[SourceVersionDate "2021.10.06"]
[SourceQuality "1"]

1. e4 e5 2. Nc3 Bc5 3. Nf3 d6 4. d4 exd4 5. Nxd4 Bd7 6. Be3 a6 7. a3 c6 8. Qd2 Qe7 9. Be2 Nf6 10. Bf3 Ng4 11. Nce2 Nxe3 12. Qxe3 0-0 13. c3 Re8 14. Ng3 Qe5 15. 0-0 Ba7 16. b4 d5 17. Rfe1 dxe4 18. Qxe4 Qxe4 19. Rxe4 Rxe4 20. Nxe4 Bxd4 21. cxd4 a5 22. Nc5 axb4 23. a4 Bc8 24. d5 cxd5 25. Bxd5 Nc6 26. Re1 Kf8 27. f4 Ra7 28. Rc1 Ne7 29. Bb3 Bf5 30. Rd1 Ke8 31. h3 h5 32. Re1 b6 33. Ne4 Rd7 34. Ng5 f6 35. Be6 Bxe6 36. Nxe6 Kf7 37. f5 Nxf5 38. Nf4 g6 39. Rb1 Rd4 40. Ne2 Re4 41. Kf2 Ke6 42. Kf3 Ke5 43. Kf2 h4 44. Kf3 Nd4+ 45. Nxd4 Rxd4 46. Rb3 Kd5 47. Ke3 f5 48. Rd3 f4+ 49. Ke2 Kc4 50. Rf3 b3 51. Rf1 b2 52. Kf3 Kb3 53. Kg4 Rxa4 54. Kg5 Ka2 55. Kxg6 b1Q+ 56. Rxb1 Kxb1 57. Kg5 b5 58. Kg4 Kc2 59. Kf3 Kd3 60. Kf2 b4 61. Ke1 b3 62. Kf2 b2 63. Kf1 b1Q+ 64. Kf2 Ra2+ 0-1

[Event "Gatineau Nez Rouge"]
[Site "Gatineau"]
[Date "2012.12.11"]
[Round "4"]
[White "Raymond, Daniel"]
[Black "Lemieux, Denis"]
[Result "0-1"]
[WhiteElo "1542"]
[BlackElo "1460"]
[PlyCount "102"]
[EventDate "2012.11.20"]
[EventType "swiss"]
[EventRounds "5"]
[EventCountry "CAN"]
[SourceTitle "EXT 2022"]
[Source "ChessBase"]
[SourceDate "2021.10.06"]
[SourceVersion "1"]
[SourceVersionDate "2021.10.06"]
[SourceQuality "1"]

1. e4 c6 2. d4 d5 3. Nc3 dxe4 4. Nxe4 Nd7 5. Bc4 e6 6. Nf3 Ngf6 7. Nxf6+ Nxf6 8. Bg5 Be7 9. 0-0 0-0 10. Bd3 c5 11. c3 cxd4 12. cxd4 Nd5 13. Be3 Nxe3 14. fxe3 Bd7 15. Ne5 f6 16. Qh5 h6 17. Qg6 f5 18. Rf3 Rf6 19. Qg3 Be8 20. Raf1 g5 21. h4 g4 22. Rf4 h5 23. Qf2 Kg7 24. e4 fxe4 25. Rxf6 Bxf6 26. Bxe4 Bc6 27. Bxc6 bxc6 28. Nxc6 Qf8 29. Qf4 Rc8 30. Qe4 Rxc6 31. d5 exd5 32. Qxd5 Qc5+ 33. Qxc5 Rxc5 34. g3 Bxb2 35. Rb1 Rc1+ 36. Rxc1 Bxc1 37. Kf2 Kf6 38. Ke2 Ke5 39. Kd3 Bf4 40. gxf4+ Kxf4 41. Ke2 g3 42. Kf1 Kg4 43. Kg2 Kxh4 44. a4 Kg4 45. a5 h4 46. a6 Kf4 47. Kf1 Kf3 48. Kg1 h3 49. Kh1 Ke4 50. Kg1 Kd5 51. Kf1 Kc5 0-1

[Event "Gatineau Service des Loisirs"]
[Site "Gatineau"]
[Date "2012.11.06"]
[Round "4"]
[White "Lemieux, Denis"]
[Black "Carabineanu, Marcel"]
[Result "1-0"]
[WhiteElo "1461"]
[BlackElo "1434"]
[PlyCount "33"]
[EventDate "2012.10.16"]
[EventType "swiss"]
[EventRounds "4"]
[EventCountry "CAN"]
[SourceTitle "EXT 2022"]
[Source "ChessBase"]
[SourceDate "2021.10.06"]
[SourceVersion "1"]
[SourceVersionDate "2021.10.06"]
[SourceQuality "1"]

1. d4 d6 2. c4 b6 3. Nc3 Bb7 4. e4 e6 5. Bd3 Nd7 6. Nge2 Ngf6 7. Qc2 g6 8. 0-0 h5 9. f4 Ng4 10. h3 Nh6 11. e5 dxe5 12. fxe5 g5 13. g3 Qe7 14. Ne4 g4 15. Bg5 Qb4 16. a3 Qa5 17. b4 1-0

[Event "Gatineau Service des Loisirs"]
[Site "Gatineau"]
[Date "2012.10.23"]
[Round "2"]
[White "Lemieux, Denis"]
[Black "Traversy, Pierre"]
[Result "1-0"]
[WhiteElo "1461"]
[BlackElo "1134"]
[PlyCount "143"]
[EventDate "2012.10.16"]
[EventType "swiss"]
[EventRounds "4"]
[EventCountry "CAN"]
[SourceTitle "EXT 2022"]
[Source "ChessBase"]
[SourceDate "2021.10.06"]
[SourceVersion "1"]
[SourceVersionDate "2021.10.06"]
[SourceQuality "1"]

1. d4 Nf6 2. c4 e6 3. Nc3 c6 4. e4 d5 5. e5 Ng8 6. cxd5 cxd5 7. Bd3 Bd7 8. Nge2 g6 9. 0-0 Bg7 10. f4 Ne7 11. Ng3 a6 12. b3 b5 13. Be3 Nbc6 14. a3 Rb8 15. Be2 h5 16. Nh1 Nf5 17. Qd2 Na5 18. Rfb1 h4 19. Nf2 Nc6 20. Nh3 Nce7 21. Bf2 Bh6 22. Kf1 Nc6 23. Na2 Qb6 24. Rd1 Qd8 25. Nb4 Nxb4 26. Qxb4 Qe7 27. Qd2 Rc8 28. Bd3 Qd8 29. Bxf5 exf5 30. Be3 Rc6 31. Rdc1 Ke7 32. Rc5 Rxc5 33. dxc5 Bc6 34. b4 Ke6 35. Ng1 Qe7 36. Nf3 Kd7 37. h3 Rd8 38. Bd4 Ke6 39. Bf2 Qb7 40. Nd4+ Kd7 41. Bxh4 Re8 42. Rd1 Bf8 43. Nxc6 Qxc6 44. Qxd5+ Qxd5 45. Rxd5+ Kc7 46. Kf2 Kc6 47. Rd3 Kc7 48. Kf3 Ra8 49. g4 a5 50. gxf5 gxf5 51. Bg5 Bg7 52. h4 axb4 53. axb4 Ra4 54. Bd8+ Kc8 55. Ba5 Ra2 56. Rd8+ Kb7 57. Rd7+ Kc6 58. Rxf7 Bh8 59. Rxf5 Ra3+ 60. Kg4 Kd5 61. Rf8 Bg7 62. Rf7 Bh8 63. Rh7 Bxe5 64. fxe5 Kxe5 65. Rb7 Rd3 66. Bc7+ Kf6 67. Rxb5 Rd4+ 68. Bf4 Ke6 69. c6 Rc4 70. h5 Rxc6 71. Rc5 Ra6 72. h6 1-0

[Event "Gatineau Service des Loisirs"]
[Site "Gatineau"]
[Date "2012.10.16"]
[Round "1"]
[White "Desjardins, Michel"]
[Black "Lemieux, Denis"]
[Result "1-0"]
[WhiteElo "1911"]
[BlackElo "1461"]
[PlyCount "53"]
[EventDate "2012.10.16"]
[EventType "swiss"]
[EventRounds "4"]
[EventCountry "CAN"]
[SourceTitle "EXT 2022"]
[Source "ChessBase"]
[SourceDate "2021.10.06"]
[SourceVersion "1"]
[SourceVersionDate "2021.10.06"]
[SourceQuality "1"]

1. e4 c6 2. d4 d5 3. exd5 cxd5 4. Bd3 Nf6 5. c3 e6 6. Bf4 Bd6 7. Bg3 b6 8. Qe2 Bxg3 9. hxg3 Qd6 10. Nf3 Nc6 11. Ne5 Bd7 12. Nd2 Rc8 13. g4 g6 14. Ndf3 0-0 15. Qe3 Rfd8 16. Qf4 Qe7 17. Ng5 Be8 18. 0-0-0 Nb4 19. Kb1 Nxd3 20. Rxd3 Nh5 21. gxh5 f6 22. hxg6 fxg5 23. gxh7+ Kh8 24. Rg3 Bb5 25. Ng6+ Kg7 26. Nxe7 Bd3+ 27. Kc1 1-0

[Event "Gatineau Benevoles"]
[Site "Gatineau"]
[Date "2012.10.02"]
[Round "4"]
[White "Carabineanu, Marcel"]
[Black "Lemieux, Denis"]
[Result "0-1"]
[WhiteElo "1434"]
[BlackElo "1448"]
[PlyCount "49"]
[EventDate "2012.09.11"]
[EventType "swiss"]
[EventRounds "4"]
[EventCountry "CAN"]
[SourceTitle "EXT 2022"]
[Source "ChessBase"]
[SourceDate "2021.10.06"]
[SourceVersion "1"]
[SourceVersionDate "2021.10.06"]
[SourceQuality "1"]

1. e4 c6 2. Nf3 d5 3. Nc3 dxe4 4. Nxe4 Nd7 5. Bc4 e6 6. 0-0 Be7 7. b3 Ngf6 8. Re1 0-0 9. a4 Nxe4 10. Rxe4 Nf6 11. Rd4 Qc7 12. Bb2 Nd5 13. Bxd5 cxd5 14. Rg4 f6 15. d3 e5 16. Rg3 Bd6 17. Ne1 e4 18. Re3 Bf4 19. Re2 Bxh2+ 20. Kf1 Bg4 21. f3 exf3 22. Nxf3 Bg3 23. Qd2 Rfe8 24. Rxe8+ Rxe8 25. Re1 0-1

[Event "Gatineau LEO-B"]
[Site "Gatineau"]
[Date "2012.05.08"]
[Round "5"]
[White "Legare, Gilles"]
[Black "Lemieux, Denis"]
[Result "0-1"]
[WhiteElo "1099"]
[BlackElo "1481"]
[PlyCount "98"]
[EventDate "2012.04.10"]
[EventType "swiss"]
[EventRounds "6"]
[EventCountry "CAN"]
[SourceTitle "EXT 2013"]
[Source "ChessBase"]
[SourceDate "2012.11.22"]
[SourceVersion "1"]
[SourceVersionDate "2012.11.22"]
[SourceQuality "1"]

1. e4 c6 2. Nf3 d5 3. e5 Bf5 4. d4 e6 5. Be2 h6 6. 0-0 Qc7 7. Bd3 Bxd3 8. Qxd3 Nd7 9. Bf4 Ne7 10. Nbd2 Ng6 11. Be3 c5 12. dxc5 Bxc5 13. Nb3 Bxe3 14. fxe3 0-0 15. c3 Ndxe5 16. Nxe5 Nxe5 17. Qd4 Rfc8 18. Nd2 b6 19. Nf3 Nxf3+ 20. Rxf3 Qc4 21. Qe5 Qc7 22. Qh5 Rf8 23. Raf1 a5 24. Rg3 Kh7 25. Qe2 Qc4 26. Qh5 Qc7 27. Qg4 g6 28. Rh3 Qe7 29. Rh4 Kg7 30. Qd4+ f6 31. Rf3 Qc5 32. Rfh3 Rh8 33. Qg4 f5 34. Qf4 h5 35. Rg3 Kf7 36. Qe5 Rac8 37. Rf4 Qe7 38. Rd4 Rhd8 39. Qf4 e5 40. Qh6 Qf6 41. Rh4 Rh8 42. Qg5 Qxg5 43. Rxg5 Kf6 44. Rg3 g5 45. Ra4 g4 46. e4 dxe4 47. Re3 Rhd8 48. Kf2 Rd2+ 49. Kg3 f4+ 0-1

[Event "Gatineau LEO-B"]
[Site "Gatineau"]
[Date "2012.04.10"]
[Round "1"]
[White "Traversy, Pierre"]
[Black "Lemieux, Denis"]
[Result "0-1"]
[WhiteElo "1079"]
[BlackElo "1481"]
[PlyCount "104"]
[EventDate "2012.04.10"]
[EventType "swiss"]
[EventRounds "6"]
[EventCountry "CAN"]
[SourceTitle "EXT 2013"]
[Source "ChessBase"]
[SourceDate "2012.11.22"]
[SourceVersion "1"]
[SourceVersionDate "2012.11.22"]
[SourceQuality "1"]

1. d4 b5 2. e4 a6 3. c4 bxc4 4. Bxc4 Bb7 5. d5 d6 6. Nc3 g6 7. Be3 Bg7 8. Nf3 c5 9. Qd3 Nd7 10. Na4 Nb6 11. Nxb6 Qxb6 12. Rb1 Qc7 13. 0-0 Nf6 14. Qc2 Nd7 15. b3 0-0 16. Bd2 Ne5 17. Nxe5 Bxe5 18. Bc3 Bxc3 19. Qxc3 Rae8 20. Rfe1 e5 21. Re3 f5 22. exf5 Rxf5 23. Rf3 Ref8 24. Rxf5 Rxf5 25. Re1 Qf7 26. Re2 Bxd5 27. Bxd5 Qxd5 28. Qc4 Qxc4 29. bxc4 Rf4 30. Rc2 Kf7 31. f3 Ke6 32. Kf2 Rf7 33. Ke3 Rb7 34. Ke4 Rb4 35. Kd3 g5 36. g4 h6 37. Kc3 Kd7 38. a3 Rb1 39. Kd3 Ke6 40. Kc3 Rf1 41. Rd2 Rxf3+ 42. Rd3 Rxd3+ 43. Kxd3 d5 44. a4 e4+ 45. Ke3 Ke5 46. cxd5 Kxd5 47. h3 a5 48. Kd2 Kd4 49. Ke2 c4 50. Kd2 c3+ 51. Ke2 e3 52. Ke1 Kd3 0-1

[Event "Gatineau Commanditaires op"]
[Site "Gatineau"]
[Date "2012.03.20"]
[Round "4"]
[White "Rose, Richard1111"]
[Black "Lemieux, Denis"]
[Result "0-1"]
[WhiteElo "1824"]
[BlackElo "1382"]
[PlyCount "70"]
[EventDate "2012.02.28"]
[EventType "swiss"]
[EventRounds "4"]
[EventCountry "CAN"]
[SourceTitle "EXT 2013"]
[Source "ChessBase"]
[SourceDate "2012.11.22"]
[SourceVersion "1"]
[SourceVersionDate "2012.11.22"]
[SourceQuality "1"]

1. e4 c6 2. d4 d5 3. exd5 cxd5 4. Nf3 e6 5. c4 dxc4 6. Bxc4 Nf6 7. Nc3 Be7 8. 0-0 0-0 9. Re1 Bb4 10. Bd2 Nbd7 11. a3 Bxc3 12. Bxc3 Nb6 13. Bb3 Nbd5 14. Bd2 b6 15. Bg5 Bb7 16. Qd3 h6 17. Bd2 Rc8 18. Rac1 Qd6 19. Ne5 Rxc1 20. Rxc1 Rc8 21. Rxc8+ Bxc8 22. Bc2 Qc7 23. Bb1 Bb7 24. Qg3 Kf8 25. h3 Nh5 26. Qh4 Nhf6 27. g4 Nd7 28. Nd3 N7f6 29. g5 Ng8 30. gxh6 gxh6 31. Bxh6+ Nxh6 32. Qxh6+ Ke8 33. Ne5 Qe7 34. Nxf7 Kxf7 35. Bg6+ Kg8 0-1

[Event "Gatineau Commanditaires op"]
[Site "Gatineau"]
[Date "2012.03.13"]
[Round "3"]
[White "Lemieux, Denis"]
[Black "Simard, Paul"]
[Result "1-0"]
[WhiteElo "1382"]
[BlackElo "1165"]
[PlyCount "63"]
[EventDate "2012.02.28"]
[EventType "swiss"]
[EventRounds "4"]
[EventCountry "CAN"]
[SourceTitle "EXT 2013"]
[Source "ChessBase"]
[SourceDate "2012.11.22"]
[SourceVersion "1"]
[SourceVersionDate "2012.11.22"]
[SourceQuality "1"]

1. d4 d6 2. c4 g6 3. Nc3 Bg7 4. e4 Nf6 5. Nf3 Bg4 6. Be2 0-0 7. h3 Bxf3 8. Bxf3 c5 9. d5 Nbd7 10. 0-0 Nb6 11. Be2 Re8 12. Qc2 Nbd7 13. f4 Nh5 14. Bxh5 gxh5 15. Qe2 h4 16. Be3 Nb6 17. Rac1 e6 18. b3 e5 19. f5 Nd7 20. Nd1 Nf6 21. Bg5 Qa5 22. Bxh4 a6 23. Rc3 b5 24. Rg3 Kf8 25. Ne3 Nxe4 26. Rxg7 Kxg7 27. Qg4+ Kf8 28. f6 Nxf6 29. Bxf6 Rec8 30. Nf5 Ra7 31. Nxd6 Rca8 32. Qg7# 1-0

[Event "Gatineau Commanditaires op"]
[Site "Gatineau"]
[Date "2012.03.06"]
[Round "2"]
[White "Raymond, Robert"]
[Black "Lemieux, Denis"]
[Result "0-1"]
[WhiteElo "1451"]
[BlackElo "1382"]
[PlyCount "66"]
[EventDate "2012.02.28"]
[EventType "swiss"]
[EventRounds "4"]
[EventCountry "CAN"]
[SourceTitle "EXT 2013"]
[Source "ChessBase"]
[SourceDate "2012.11.22"]
[SourceVersion "1"]
[SourceVersionDate "2012.11.22"]
[SourceQuality "1"]

1. e4 c6 2. Nf3 d5 3. d3 dxe4 4. Ng5 Nf6 5. Nc3 exd3 6. Bxd3 e6 7. Nf3 Be7 8. 0-0 0-0 9. Re1 Nd5 10. Ne2 Nd7 11. b3 N7f6 12. Bb2 Nb4 13. Nc1 Nxd3 14. Nxd3 b6 15. c4 Bb7 16. Qc2 c5 17. Rad1 Qc8 18. Nde5 h6 19. h3 Qc7 20. Re3 Rfd8 21. Rde1 Nd7 22. Nxf7 Kxf7 23. Ne5+ Nxe5 24. Bxe5 Bd6 25. Qe2 Bxe5 26. Rxe5 Bc8 27. Qh5+ Kf8 28. Qf3+ Kg8 29. Qxa8 Bb7 30. Qxa7 Ra8 31. Qxa8+ Bxa8 32. Rxe6 Qb7 33. Re7 Qxg2# 0-1